000 00709nam a2200253Ia 4500
003 OSt
005 20220926014515.0
006 a|||||r|||| 00| 0
007 ta
008 220923b |||||||| |||| 00| 0 eng d
037 _cGeneral Book
040 _aRTL
_cRTL
_beng
041 _2eng
_aeng
082 _aY9(L), L0
100 _aCoe Rodney M
_9137663
245 0 _aSociology of medicine
260 _aNew York
_bMcGraw-Hill
_c1970
300 _aviii, 388p
_ccm.
490 _aMcGraw-Hill Series in Sociology
500 _aBibiliography at the end of each chapter
650 _aSociology of Medicine
942 _hY9(L), L0
_cGB
_2CC
999 _c629208
_d629208